Estadísticas para Logos de ligas de fútbol

Haz click aquí para intentar la prueba.

Estadísticas generales

  • Esta prueba ha sido intentada 154 veces
  • La puntuación promedio es 8 de 16

Estadísticas de respuestas

Respuesta% Correcto
Premier League
98%
Major League Soccer
94%
LaLiga
93%
Bundesliga
87%
Serie A
77%
Ligue 1
75%
Eredivisie
59%
Liga MX
43%
Superliga de Turquía
39%
Liga Profesional Saudí
33%
Superliga de China
21%
Scottish Premiership
13%
Allsvenskan
10%
J1 League
10%
A-League Men
8%
Primeira Liga
6%

Distribución de puntuación

Porcentaje por número respondido

Porcentaje de gente con cada puntuación

Historial de tus puntuaciones

No has intentado esta prueba.